000 008920000a22002170004500
090 _aMM
_b00208
245 1 0 _a2003 Catálogo de investigaciones Universidad de Antioquia Vicerrectoría de Investigación
_sel impacto de los grupos reconocidos por Colciencias y sus relaciones con los diferentes sectores de la sociedad
300 _bCD-ROM
500 _aRequerimientos del sistema: Procesador Pentium II, 300 Mhz o superior
650 1 4 _aCatálogos
_9101046
650 1 4 _aInvestigación científica
_992833
650 1 4 _aProyectos de investigación
_97173
650 1 4 _aInvestigación universitaria
_978750
650 1 4 _aGrupos de investigación
_94188
651 4 _pColombia
_992749
041 0 _aEspañol
044 _aColombia
110 1 _aUniversidad de Antioquia
_dVicerrectoría de Investigación
_9101047
260 _aMedellín
_bUniversidad de Antioquia
_c2004
942 _cCD-ROM
999 _c16584
_d16584